Poistenie

Saved in:
Bibliographic Details
Main Author: Laučíková, Margita
Corporate Author: Vysoká škola ekonomická v Bratislave. Národohospodárska fakulta
Other Authors: Vostatek, Jaroslav
Format: Book
Language:Slovak
Published: Bratislava Vysoká škola ekonomická 1981
Tags: Add Tag
No Tags, Be the first to tag this record!

MARC

LEADER 00000nam a2200000 4500
001 c140821
005 20181219130829.4
041 0 |a slo 
044 |a SK 
245 1 0 |a Poistenie  |c Margita Laučíková, Jaroslav Vostatek 
264 1 |a Bratislava  |b Vysoká škola ekonomická  |c 1981 
300 |a 191 s. 
100 1 |a Laučíková, Margita 
700 1 |a Vostatek, Jaroslav 
710 2 |a Vysoká škola ekonomická v Bratislave. Národohospodárska fakulta